| 000 | 01959nam0a2200421 4500 | ||
|---|---|---|---|
| 001 | RU\NLR\BIBL_A\022017325 | ||
| 005 | 20250625085959.0 | ||
| 010 |
_a978-5-7103-4498-9 _9100 |
||
| 021 |
_aRU _b2023-43625 _9КН-П-4365 |
||
| 035 | _a(RuMoRGB)011912384 | ||
| 035 | _a(NLR Aleph) 022017325 | ||
| 090 |
_a12501544 _c12501544 |
||
| 100 | _a20230901d2023 |||y0rusy50 ca | ||
| 101 | 0 | _aeng | |
| 102 | _aRU | ||
| 105 | _aa|||j 000zy | ||
| 181 | 0 |
_ai _baxxe |
|
| 182 | 0 | _an | |
| 200 | 1 |
_aIntroductory practice _etutorial _fE. Yu. Eremina, M. I. Lityshkina, I. V. Gerasimenko [et al.] _gMinistry of science and higher education of Russian Federation, Federal state budgetary educational institution of higher education "National research N. P. Ogarev Mordovia state university" |
|
| 203 |
_aТекст _bвизуальный _cнепосредственный |
||
| 210 |
_aSaransk _cPublishing house of Mordovia state university _d2023 |
||
| 215 |
_a154 с. _cил. _d20 |
||
| 300 | _aАвт. указаны на обороте тит. с. | ||
| 320 | _aБиблиогр.: с. 153 | ||
| 541 | 1 | _aОзнакомительная практика: учебное пособие | |
| 606 | 1 |
_aСестринское дело _jУчебные издания для среднего профессионального образования _91096567 _3RU\NLR\AUTH\66431098 |
|
| 675 |
_a616-07(075.8) _v4 |
||
| 686 | 1 | _aР35,81я72 | |
| 686 | 1 | _aР11(2)п92я72 | |
| 701 | 1 |
_7ba _8rus _aEremina _bE. J. _f1961- _gElena Jur'evna _9260069 _3RU\NLR\AUTH\770260125 |
|
| 701 | 1 |
_7ba _8rus _aLitjuškina _bM. I. _gMarina Ivanovna _9260061 _3RU\NLR\AUTH\770260117 |
|
| 701 | 1 |
_aGerasimenko _bI. V. _f1975- _gIrina Valerievna |
|
| 712 | 0 | 2 |
_4475 _7ba _8eng _aNational research Ogarev Mordovia state university _cSaransk _9499105 _3RU\NLR\AUTH\880416995 |
| 942 | _cBOOK | ||
| 980 | _aNB | ||